Miasta powyżej 15tyś mieszkańców w Sudetach - Statystyki

Ogólne statystyki
  • Ten quiz został rozwiązany 68 razy
  • Średni wynik to 13 z 27
Statystyki odpowiedzi
Kraj Ludność Miasto % Poprawnych
Polska 111 356 Wałbrzych
100%
Polska 79 061 Jelenia Góra
94%
Polska 26 845 Kłodzko
94%
Niemcy 543 825 Drezno
82%
Czechy 104 163 Liberec
73%
Polska 18 486 Kamienna Góra
69%
Czechy 289 629 Ostrawa
67%
Polska 30 374 Zgorzelec
65%
Polska 22 067 Nowa Ruda
59%
Niemcy 56 013 Gorlitz
53%
Polska 38 852 Bolesławiec
51%
Polska 29 872 Bielawa
49%
Polska 17 318 Bogatynia
49%
Polska 22 793 Świebodzice
47%
Polska 21 345 Lubań
43%
Polska 15 564 Złotoryja
43%
Polska 15 368 Boguszów-Gorce
37%
Czechy 30 459 Trutnov
37%
Niemcy 25 039 Żytawa
35%
Niemcy 38 690 Budziszyn
29%
Polska 21 170 Prudnik
29%
Czechy 20 072 Nachod
24%
Czechy 45 765 Jablonec nad Nysą
12%
Czechy 26 043 Sumperk
10%
Czechy 23 473 Karniów
8%
Czechy 16 474 Bruntal
4%
Czechy 15 710 Dvur Kralove nad Labem
0%
Nie znaleziono quizów pasujących do podanych kryteriów
Rozkład punktacji
Procent ludzi z każdym wynikiem
Percentyl według liczby udzielonych odpowiedzi
Twoja historia wyników
Nie rozwiązałeś tego quizu